| Tag |
First Indicator |
Second Indicator |
Subfields |
| LEADER |
00000pam a2200000 a 4500 |
| 001 |
in00000090219 |
| 005 |
20231114162411.0 |
| 008 |
810831s1982 nyuacf b 001 0beng |
| 010 |
|
|
|a 79006181
|
| 020 |
|
|
|a 0385147384 :
|c $19.95 (est.)
|
| 035 |
|
|
|a (OCoLC)07813244
|
| 035 |
|
|
|9 AAK6306AM
|
| 039 |
0 |
|
|a 2
|b 3
|c 3
|d 3
|e 3
|
| 040 |
|
|
|a DLC
|c DLC
|d UtOrBLW
|
| 049 |
|
|
|a TXAM [Also in] [Sp Coll]
|c 1 [1633218]
|a TXAS
|c 2 [1702250]
|
| 050 |
0 |
0 |
|a N6537.R4
|b S2 1982
|
| 100 |
1 |
|
|a Samuels, Peggy.
|
| 245 |
1 |
0 |
|a Frederic Remington :
|b a biography /
|c by Peggy and Harold Samuels.
|
| 250 |
|
|
|a 1st ed.
|
| 264 |
|
1 |
|a Garden City, N.Y. :
|b Doubleday,
|c 1982.
|
| 300 |
|
|
|a x, 537 pages, 32 unnumbered pages of plates :
|b illustrations ;
|c 24 cm.
|
| 336 |
|
|
|a text
|b txt
|2 rdacontent
|
| 337 |
|
|
|a unmediated
|b n
|2 rdamedia
|
| 338 |
|
|
|a volume
|b nc
|2 rdacarrier
|
| 504 |
|
|
|a Includes bibliographical references (pages 473-520) and index.
|
| 600 |
1 |
0 |
|a Remington, Frederic,
|d 1861-1909.
|
| 650 |
|
0 |
|a Artists
|z United States
|v Biography.
|
| 700 |
1 |
|
|a Samuels, Harold.
|
| 700 |
1 |
|
|a Remington, Frederic,
|d 1861-1909.
|
| 999 |
|
|
|a MARS
|
| 999 |
f |
f |
|s 2c52dcfc-2a0f-368a-b505-add984722766
|i 77b5739f-de3b-3af3-971a-87fd1a91e6c0
|t 0
|
| 952 |
f |
f |
|p noncirc
|a Texas A&M University
|b College Station
|c Cushing Memorial Library & Archives
|d Cushing: Dykes (Does not check out)
|t 0
|e N6537.R4 S2 1982
|h Library of Congress classification
|i unmediated -- volume
|m A14853125556
|
| 952 |
f |
f |
|p normal
|a Texas A&M University
|b College Station
|c Sterling C. Evans Library
|d Evans: Library Stacks
|t 0
|e N6537.R4 S2 1982
|h Library of Congress classification
|i unmediated -- volume
|m A14806003451
|
| 998 |
f |
f |
|a N6537.R4 S2 1982
|t 0
|l Evans: Library Stacks
|
| 998 |
f |
f |
|a N6537.R4 S2 1982
|t 0
|l Cushing: Dykes (Does not check out)
|